|
|
|
|
| LEADER |
00000nab a2200000 a 4500 |
| 001 |
vtls000020504 |
| 003 |
SK-MaSNL |
| 005 |
20260304053711.0 |
| 008 |
250422c1978 xo 0 slo |
| 015 |
|
|
|a SNBRB19rr/mm-uuuuu
|
| 035 |
|
|
|a CL0030598
|
| 035 |
|
|
|a urn:nbn:sk:snk-ab1mph
|
| 035 |
|
|
|a (urnnbn)urn:nbn:sk:snk:ar-004kfy
|
| 035 |
|
|
|a (uuid)3c73b7c5-a850-4e85-95b9-0edc52958f99
|
| 040 |
|
|
|a SNKBUCL
|b slo
|c SNKBUCL
|e AACR2
|
| 041 |
0 |
|
|a slo
|
| 044 |
|
|
|a xo
|c SK
|
| 080 |
|
|
|a 804/805
|2 1981
|
| 100 |
1 |
|
|a Kupčiková, Katarína
|4 aut
|9 627276
|
| 245 |
1 |
0 |
|a Súčasné problémy francúzskej terminológie
|c Katarína Kupčiková, Karel Sekvent
|
| 650 |
0 |
7 |
|a francúzština
|2 snkbucl
|9 1355
|
| 650 |
0 |
7 |
|a terminológia
|2 snkbucl
|9 3617
|
| 700 |
1 |
|
|a Sekvent, Karel
|4 aut
|9 5290
|
| 773 |
0 |
|
|t Kultúra slova
|g Roč. 12, č. 10 (1978), s. 341-345
|
| 850 |
|
|
|a Slovenská národná knižnica
|
| 852 |
|
|
|a Slovenská národná knižnica
|
| 954 |
|
|
|a odborná, vedecká literatúra pôvodná (slovenská)
|2 lita
|
| 958 |
|
|
|a article27
|
| 958 |
|
|
|a OND
|
| 958 |
|
|
|a EUIPO
|
| 999 |
|
|
|c 2714799
|d 2716729
|